Koniec roka v účtovníctve

Inventarizácia majetku a záväzkov a vlastného imania účtovnej jednotky. Vybrané účtovné prípady, súvisiace so záverom účtovného obdobia - závierkové alebo upravujúce závierkové účtovné prípady. Zostavenie účtovnej závierky.

Enregistré dans:
Détails bibliographiques
Auteur principal: Novotná, Ludmila
Format: Chapitre de livre
Langue:slovaque
Sujets:
Tags: Ajouter un tag
Pas de tags, Soyez le premier à ajouter un tag!

MARC

LEADER 00000naa a2200000 4500
001 0282143
005 20240417075155.8
041 0 |a slo 
044 |a SK 
245 1 0 |a Koniec roka v účtovníctve  |c Ludmila Novotná 
520 |a Inventarizácia majetku a záväzkov a vlastného imania účtovnej jednotky. Vybrané účtovné prípady, súvisiace so záverom účtovného obdobia - závierkové alebo upravujúce závierkové účtovné prípady. Zostavenie účtovnej závierky. 
610 2 0 |a závierka účtovná 
610 2 0 |a účtovníctvo 
610 2 0 |a prípady účtovné 
610 2 0 |a kontrola 
610 2 0 |a inventarizácia 
610 2 0 |a inventúra 
610 2 0 |a zápisy účtovné 
610 2 0 |a zápisy účtovné podvojné 
100 1 |a Novotná, Ludmila